| 000 | 00406nam a22001337a 4500 | ||
|---|---|---|---|
| 082 | _aMS-CSE-2 SOH | ||
| 100 |
_aSohaiba Qazi _998859 |
||
| 245 | _aTransport protocol design for cognitive radio networks | ||
| 260 |
_aIslamabad _bNUST university _c2013 |
||
| 300 |
_a47p. : _eCD-Rom |
||
| 500 | _aSupervisor: Dr. Adeel Baig | ||
| 856 | _uhttp://10.250.8.41:8080/xmlui/handle/123456789/9662 | ||
| 942 |
_cPR _2ddc |
||
| 999 |
_c12261 _d12261 |
||